000 00984nac a22003137a 4500
001 BR9800130
003 BR-BrBNA
005 20240105121959.0
008 230509b bl.|||m| |||| 00| 0 por d
040 _aBR-BrBNA
_bpor
_cBiblioteca Nacional de Agricultura
072 _aJ11
090 _a9205 BR9800130
100 1 _aAlonco, A. dos S.
100 1 _aReis, A.V. dos
110 1 _aCentro de Pesquisa Agropecuaria de Clima Temperado, Pelotas, RS (Brasil)
245 1 _aPerdas na colheita mecanica de graos
260 3 _aPelotas, RS (Brasil):
_c1997.
300 _a27 p.
490 _aDocumentos - Centro de Pesquisa Agropecuaria de Clima Temperado (Brazil)
_vno. 35
_xISSN 0104-3323
500 _a10 ref.; 6 illus.
650 _aGrao
650 _aArroz Irrigado
650 _aMilho
650 _aColheita Mecanica
650 _aPerda Durante a Colheita
650 _aModelo Matematico
909 _a202312
_bLúcia Elande
_c55
_dLúcia Elande
942 _2AGRIS
_n0
_cMS
999 _c288559
_d288559